[Event "Gibraltar Challengers-B"]
[Site "Caleta"]
[Date "2018.01.28"]
[Round "2"]
[White "Pinho, Paulo Miguel"]
[Black "Sanchez Carrasco, Francesco Javier"]
[Result "1-0"]
[WhiteElo "2186"]
[BlackElo "2068"]
[PlyCount "137"]
[EventDate "2018.01.27"]
[EventType "swiss"]
[EventRounds "5"]
[EventCountry "GGB"]
[SourceTitle "EXT 2019"]
[Source "ChessBase"]
[SourceDate "2018.10.10"]
[SourceVersion "1"]
[SourceVersionDate "2018.10.10"]
[SourceQuality "1"]

1. d4 Nf6 2. c4 d6 3. Nc3 Nbd7 4. e4 e5 5. Nf3 Be7 6. Be2 0-0 7. 0-0 c6 8. Re1 a6 9. h3 Qc7 10. Be3 Re8 11. Rc1 Bf8 12. Bd3 g6 13. b4 b6 14. a3 Bb7 15. Qb3 exd4 16. Bxd4 c5 17. Nd5 Bxd5 18. cxd5 Qd8 19. bxc5 bxc5 20. Bc3 Bg7 21. Nd2 Ne5 22. Bf1 Nh5 23. Qa4 Qg5 24. Bxe5 Qxe5 25. Nc4 Qf4 26. g3 Qg5 27. h4 Qe7 28. Qc6 Rad8 29. Be2 Bd4 30. Bxh5 gxh5 31. Kg2 Kh8 32. Re2 Rg8 33. Rb1 Qxh4 34. Nxd6 Rxd6 35. Qxd6 Qg4 36. f3 Qg5 37. Rb8 Be5 38. Rxg8+ Kxg8 39. f4 Qg4 40. Qd8+ Kg7 41. Qg5+ Qxg5 42. fxg5 c4 43. Rc2 c3 44. Kf3 Kg6 45. d6 Bxd6 46. Rxc3 Kxg5 47. a4 a5 48. Rd3 Bb4 49. Rd5+ Kg6 50. Kg2 Be1 51. Kh3 Bb4 52. Rb5 Bc3 53. Rc5 Bb4 54. Re5 Bc3 55. Re8 Bd2 56. Rg8+ Kf6 57. Kh4 Ke5 58. Re8+ Kd4 59. Kxh5 Kc4 60. Re7 Kb3 61. Rxf7 Kxa4 62. e5 Kb5 63. Rd7 Be1 64. e6 Kc6 65. Rd3 Bb4 66. Kh6 Be7 67. Kxh7 a4 68. Kg6 a3 69. Rd2 1-0

[Event "Gibraltar Challengers-B"]
[Site "Caleta"]
[Date "2018.01.27"]
[Round "1"]
[White "Sanchez Carrasco, Francesco Javier"]
[Black "Matthews, Adrian MS"]
[Result "1-0"]
[WhiteElo "2068"]
[BlackElo "1839"]
[PlyCount "51"]
[EventDate "2018.01.27"]
[EventType "swiss"]
[EventRounds "5"]
[EventCountry "GGB"]
[SourceTitle "EXT 2019"]
[Source "ChessBase"]
[SourceDate "2018.10.10"]
[SourceVersion "1"]
[SourceVersionDate "2018.10.10"]
[SourceQuality "1"]

1. e4 c5 2. Nf3 Nc6 3. Be2 g6 4. d3 Bg7 5. 0-0 d6 6. c3 Nf6 7. a4 0-0 8. Na3 Rb8 9. Nc4 Be6 10. Qc2 Nd7 11. Ng5 Bxc4 12. dxc4 Na5 13. f4 Nb6 14. b3 Nd7 15. Be3 b6 16. h4 Nf6 17. e5 Ne8 18. h5 e6 19. hxg6 hxg6 20. Rad1 Qe7 21. b4 cxb4 22. cxb4 Nc6 23. b5 Na5 24. Qe4 Nb7 25. g4 Nc5 26. Qh1 1-0

[Event "Gibraltar Challengers-A"]
[Site "Caleta"]
[Date "2018.01.26"]
[Round "5"]
[White "Suez Panama, Gilles"]
[Black "Sanchez Carrasco, Francesco Javier"]
[Result "0-1"]
[WhiteElo "1959"]
[BlackElo "2068"]
[PlyCount "160"]
[EventDate "2018.01.22"]
[EventType "swiss"]
[EventRounds "5"]
[EventCountry "GGB"]
[SourceTitle "EXT 2019"]
[Source "ChessBase"]
[SourceDate "2018.10.10"]
[SourceVersion "1"]
[SourceVersionDate "2018.10.10"]
[SourceQuality "1"]

1. d4 d6 2. Nf3 Nf6 3. c4 Nbd7 4. Bf4 c5 5. e3 g6 6. Nc3 Bg7 7. Be2 0-0 8. 0-0 b6 9. h3 Bb7 10. d5 Ne8 11. Qc2 Nc7 12. Rad1 a6 13. e4 b5 14. Rfe1 bxc4 15. Bxc4 Nb6 16. Bf1 Nb5 17. Ne2 Nd7 18. a4 Nc7 19. Nc3 f6 20. Be3 Ne5 21. Nd2 g5 22. Nc4 Nxc4 23. Bxc4 Bc8 24. e5 fxe5 25. Bxg5 Bf5 26. Ne4 Qd7 27. b3 Kh8 28. Qe2 Rae8 29. g4 Bg6 30. Rd3 Rf7 31. Rg3 Ref8 32. f3 e6 33. Nc3 e4 34. fxe4 Bd4+ 35. Re3 e5 36. Bh6 Rf3 37. Bxf8 Rxe3 38. Qxe3 Bxe3+ 39. Rxe3 h5 40. gxh5 Bxh5 41. Rg3 Qd8 42. Bh6 Kh7 43. Bg5 Qf8 44. Nb1 Bg6 45. Nd2 Qb8 46. h4 Qb4 47. Rh3 Bh5 48. Kf2 Qa3 49. Be7 Qb2 50. Rd3 Ne8 51. Bxa6 Bg6 52. Ke3 Qc1 53. Kf2 Qh1 54. Re3 Bh5 55. Bf1 Qh2+ 56. Bg2 Qf4+ 57. Nf3 Bg4 58. Bg5 Qf7 59. Kg3 Bc8 60. Nh2 Ng7 61. Bf3 Qc7 62. Ng4 Nh5+ 63. Kf2 Nf4 64. Nf6+ Kh8 65. Ne8 Qd7 66. Bf6+ Kg8 67. Ng7 Qh3 68. Nf5 Qh2+ 69. Kf1 Bxf5 70. exf5 Qd2 71. Re1 Qd3+ 72. Kf2 Qd2+ 73. Kf1 Qd3+ 74. Kf2 Qxb3 75. Rg1+ Kf8 76. Bg7+ Kf7 77. h5 Qc2+ 78. Kg3 Kxg7 79. h6+ Kxh6 80. Rh1+ Kg7 0-1

[Event "Gibraltar Challengers-A"]
[Site "Caleta"]
[Date "2018.01.23"]
[Round "2"]
[White "Sanchez Carrasco, Francesco Javier"]
[Black "O'Neil, Jim"]
[Result "1-0"]
[WhiteElo "2068"]
[BlackElo "1904"]
[PlyCount "63"]
[EventDate "2018.01.22"]
[EventType "swiss"]
[EventRounds "5"]
[EventCountry "GGB"]
[SourceTitle "EXT 2019"]
[Source "ChessBase"]
[SourceDate "2018.10.10"]
[SourceVersion "1"]
[SourceVersionDate "2018.10.10"]
[SourceQuality "1"]

1. Nf3 d6 2. d4 c6 3. e4 h6 4. Bd3 Nd7 5. 0-0 g5 6. e5 dxe5 7. Nxe5 Nxe5 8. dxe5 Bg7 9. Qe2 Qc7 10. f4 gxf4 11. Bxf4 Qb6+ 12. Kh1 Qxb2 13. Nd2 h5 14. Nc4 Qd4 15. Rae1 Be6 16. Na5 Qb6 17. Qd2 Qc7 18. Bc4 Rd8 19. Qc3 Nh6 20. Bxe6 fxe6 21. Bxh6 Bxh6 22. Nb3 c5 23. Qh3 Qc6 24. Rf3 Kd7 25. Nxc5+ Qxc5 26. Rc3 Qd5 27. Rd3 Kc7 28. Rxd5 exd5 29. Qa3 Rh7 30. Qxa7 Rf8 31. Rb1 Rb8 32. Qc5+ 1-0

[Event "Getxo op 1st"]
[Site "Getxo"]
[Date "2016.09.14"]
[Round "7.7"]
[White "Buiza Prieto, Eihartze"]
[Black "Sanchez Carrasco, Francesco Javier"]
[Result "1-0"]
[WhiteElo "2093"]
[BlackElo "2023"]
[PlyCount "91"]
[EventDate "2016.09.10"]
[EventType "swiss"]
[EventCountry "ESP"]
[SourceTitle "EXT 2024"]
[Source "ChessBase"]
[SourceDate "2023.10.10"]
[SourceVersion "1"]
[SourceVersionDate "2023.10.10"]
[SourceQuality "1"]

1. e4 c5 2. Nf3 e6 3. b3 d6 4. c4 e5 5. Nc3 Nf6 6. d3 Be7 7. Be2 Nc6 8. 0-0 0-0 9. h3 h6 10. a3 Nd4 11. Rb1 Be6 12. b4 Nxf3+ 13. Bxf3 Nd7 14. Bg4 cxb4 15. axb4 Bg5 16. Ba3 Bxg4 17. Qxg4 Nf6 18. Qe2 Re8 19. g3 Nh7 20. Kg2 Nf8 21. Nd5 Ne6 22. h4 Be7 23. Bc1 b5 24. Be3 Nc7 25. Nc3 Qd7 26. Ra1 d5 27. Nxd5 Nxd5 28. cxd5 Bxb4 29. Ra6 Bc3 30. Qa2 b4 31. Rb1 Reb8 32. Bxa7 Rc8 33. Be3 Qb7 34. Rb6 Qd7 35. Qe2 Rab8 36. Rxb8 Rxb8 37. Qa2 Qb7 38. Qa4 Qb5 39. Qxb5 Rxb5 40. Bc1 Kf8 41. Kf3 Ke7 42. Bb2 Bxb2 43. Rxb2 Kd6 44. Ke3 Kc5 45. Rc2+ Kb6 46. d6 1-0

[Event "Getxo op 1st"]
[Site "Getxo"]
[Date "2016.09.14"]
[Round "6.9"]
[White "Sanchez Carrasco, Francesco Javier"]
[Black "Perez Palma, Jesus Maria"]
[Result "1-0"]
[WhiteElo "2023"]
[BlackElo "1832"]
[PlyCount "65"]
[EventDate "2016.09.10"]
[EventType "swiss"]
[EventCountry "ESP"]
[SourceTitle "EXT 2024"]
[Source "ChessBase"]
[SourceDate "2023.10.10"]
[SourceVersion "1"]
[SourceVersionDate "2023.10.10"]
[SourceQuality "1"]

1. c4 f5 2. b3 Nf6 3. Bb2 e6 4. Nf3 Be7 5. d3 b6 6. Nbd2 Bb7 7. Qc2 0-0 8. e4 d5 9. cxd5 fxe4 10. dxe4 exd5 11. e5 Ne4 12. Bd3 Bb4 13. 0-0 Nxd2 14. Nxd2 Bxd2 15. Qxd2 c5 16. Qe2 Nc6 17. Rae1 Qh4 18. e6 Rae8 19. f4 d4 20. Rf3 Qf6 21. Rh3 g6 22. f5 Ne7 23. fxg6 Nxg6 24. Bc1 Re7 25. Bh6 Nf4 26. Bxf4 Qxf4 27. Rxh7 Rxh7 28. Bxh7+ Kg7 29. e7 Re8 30. Qh5 Qd2 31. Qg6+ Kh8 32. Qxe8+ Kxh7 33. Qf7+ 1-0

[Event "Getxo op 1st"]
[Site "Getxo"]
[Date "2016.09.11"]
[Round "3.7"]
[White "Huerga Leache, Mikel"]
[Black "Sanchez Carrasco, Francesco Javier"]
[Result "1-0"]
[WhiteElo "2451"]
[BlackElo "2023"]
[PlyCount "39"]
[EventDate "2016.09.10"]
[EventType "swiss"]
[EventCountry "ESP"]
[SourceTitle "EXT 2024"]
[Source "ChessBase"]
[SourceDate "2023.10.10"]
[SourceVersion "1"]
[SourceVersionDate "2023.10.10"]
[SourceQuality "1"]

1. Nf3 d6 2. e4 Bg4 3. d4 Nd7 4. Bc4 e6 5. Qe2 c6 6. 0-0 Be7 7. Nbd2 e5 8. h3 Bh5 9. dxe5 dxe5 10. Rd1 Qc7 11. Nf1 Ngf6 12. Ng3 Bg6 13. Nh4 0-0 14. Ngf5 Bc5 15. Bg5 a5 16. a4 Rfe8 17. Qf3 Qb6 18. Nxg6 hxg6 19. Nxg7 Kxg7 20. Rxd7 1-0

[Event "Rutas de Cuenca op 3rd"]
[Site "Cuenca"]
[Date "2016.06.17"]
[Round "2"]
[White "Aymerich Rosell, Pablo"]
[Black "Sanchez Carrasco, Francesco Javier"]
[Result "1/2-1/2"]
[WhiteElo "2173"]
[BlackElo "2028"]
[PlyCount "104"]
[EventDate "2016.06.17"]
[EventType "swiss"]
[EventRounds "7"]
[EventCountry "ESP"]
[SourceTitle "EXT 2019"]
[Source "ChessBase"]
[SourceDate "2018.10.10"]
[SourceVersion "1"]
[SourceVersionDate "2018.10.10"]
[SourceQuality "1"]

1. d4 d6 2. c4 g6 3. e4 Bg7 4. Nc3 e5 5. d5 a5 6. Be2 Nd7 7. Nf3 Ngf6 8. 0-0 Nc5 9. Qc2 0-0 10. Bg5 h6 11. Bh4 g5 12. Bg3 Nh5 13. Nd2 Nf4 14. Nb3 Nxe2+ 15. Qxe2 Nxe4 16. Nxe4 f5 17. f3 fxe4 18. fxe4 b6 19. Nd2 Bd7 20. Rxf8+ Qxf8 21. Nf1 Qf7 22. Ne3 Qg6 23. Qd3 Rf8 24. Rf1 Rxf1+ 25. Kxf1 Bf6 26. a3 h5 27. b4 axb4 28. axb4 h4 29. Bf2 g4 30. Nf5 Bxf5 31. exf5 Qh5 32. c5 bxc5 33. bxc5 g3 34. hxg3 h3 35. gxh3 Qxh3+ 36. Kg1 Qg4 37. cxd6 cxd6 38. Qc2 Kf7 39. Kg2 e4 40. Qc7+ Be7 41. Qd7 Qf3+ 42. Kg1 Qd1+ 43. Kh2 Qxd5 44. Be3 Qd3 45. Qe6+ Ke8 46. Bg5 Qe2+ 47. Kh3 Qf1+ 48. Kh4 Qh1+ 49. Kg4 Qf3+ 50. Kh4 Qh1+ 51. Kg4 Qf3+ 52. Kh3 Qh1+ 1/2-1/2

[Event "La Roda op 41st"]
[Site "La Roda"]
[Date "2014.04.17"]
[Round "2"]
[White "Sanchez Carrasco, Francesco Javier"]
[Black "Ramiro Ovejero, Juan Luis"]
[Result "0-1"]
[WhiteElo "2111"]
[BlackElo "2382"]
[PlyCount "64"]
[EventDate "2014.04.16"]
[EventType "swiss"]
[EventRounds "9"]
[EventCountry "ESP"]
[SourceTitle "CBM 159 Extra"]
[Source "ChessBase"]
[SourceDate "2014.04.24"]
[SourceVersion "1"]
[SourceVersionDate "2014.04.24"]
[SourceQuality "1"]

1. c4 e5 2. Nc3 Bb4 3. g3 Bxc3 4. dxc3 d6 5. Bg2 Nc6 6. Nf3 Be6 7. b3 f6 8. Nd2 Qd7 9. h3 Nge7 10. e4 0-0 11. Qe2 Nd8 12. Bb2 c6 13. 0-0-0 b5 14. cxb5 cxb5 15. Kb1 a5 16. Nf1 b4 17. c4 a4 18. Ne3 Nb7 19. f4 axb3 20. axb3 Nc6 21. Nf5 g6 22. Nh6+ Kg7 23. Ng4 Qe7 24. Qe3 Nc5 25. Rhf1 Bxg4 26. hxg4 Ra3 27. g5 Rxb3 28. gxf6+ Rxf6 29. fxe5 Nxe5 30. Qg5 Na4 31. Rf2 Rxb2+ 32. Rxb2 Nxb2 0-1

[Event "Seville op 34th"]
[Site "Seville"]
[Date "2009.01.24"]
[Round "2"]
[White "Strikovic, Aleksa"]
[Black "Sanchez Carrasco, Francesco Javier"]
[Result "1-0"]
[WhiteElo "2533"]
[BlackElo "2077"]
[PlyCount "88"]
[EventDate "2009.01.23"]
[EventType "swiss"]
[EventRounds "9"]
[EventCountry "ESP"]
[SourceTitle "CBM 128 Extra"]
[Source "ChessBase"]
[SourceDate "2009.03.05"]
[SourceVersion "2"]
[SourceVersionDate "2009.03.25"]
[SourceQuality "1"]

1. c4 Nf6 2. Nc3 g6 3. d4 Bg7 4. Bg5 c5 5. d5 d6 6. e4 0-0 7. Qd2 Na6 8. Bd3 Nc7 9. Nge2 a6 10. a4 Bd7 11. 0-0 Rb8 12. a5 b5 13. axb6 Rxb6 14. h3 Kh8 15. f4 Ng8 16. Bh4 Qb8 17. Ra2 f5 18. exf5 Bxf5 19. Bxf5 gxf5 20. Ng3 Rb4 21. Qe2 Qe8 22. Nh5 Bd4+ 23. Bf2 Nf6 24. Nxf6 Bxf6 25. Be1 Qg6 26. Nd1 Rb3 27. Rf3 Rxf3 28. Qxf3 Bd4+ 29. Kh2 Rg8 30. Bc3 e5 31. dxe6 Nxe6 32. Ne3 Nc7 33. Ra3 Qe6 34. Bxd4+ cxd4 35. Nd5 Nxd5 36. cxd5 Qg6 37. Rxa6 d3 38. Ra3 Qg7 39. Rxd3 Qxb2 40. Re3 Qb4 41. Re6 Ra8 42. Qg3 Rg8 43. Qh4 Qb8 44. Qf6+ Rg7 1-0

[Event "Biel MTO op"]
[Site "Biel"]
[Date "2003.07.24"]
[Round "4"]
[White "Sanchez Carrasco, Francesco Javier"]
[Black "Hoffmann, Achim Gunter"]
[Result "0-1"]
[WhiteElo "2066"]
[BlackElo "2174"]
[PlyCount "54"]
[EventDate "2003.07.19"]
[EventType "swiss"]
[EventRounds "11"]
[EventCountry "SUI"]
[SourceTitle "CBM 095 Extra"]
[Source "ChessBase"]
[SourceDate "2003.09.04"]
[SourceVersion "1"]
[SourceVersionDate "2003.09.04"]
[SourceQuality "1"]

1. e4 c5 2. Nc3 e6 3. d3 Nc6 4. g3 g6 5. Bg2 Bg7 6. f4 Nge7 7. Nf3 d5 8. 0-0 0-0 9. Qe2 Rb8 10. e5 Nf5 11. Qd1 f6 12. Re1 b5 13. exf6 Bxf6 14. Ne5 Nxe5 15. fxe5 Bg7 16. Bd2 b4 17. Na4 Qc7 18. Kh1 Bd7 19. c3 bxc3 20. Bxc3 d4 21. Bd2 Bxa4 22. Qxa4 Rxb2 23. Ba5 Qf7 24. Rf1 Rxg2 25. Rxf5 Qb7 26. Rxf8+ Bxf8 27. Qb3 Qc6 0-1